Tutela cautelar en el contencioso ambiental
Đã lưu trong:
| Tác giả chính: | |
|---|---|
| Định dạng: | Không biết |
| Ngôn ngữ: | Tiếng Anh |
| Được phát hành: |
Santiago, Chile.
Ediciones Der,
2021
|
| Phiên bản: | Primera edición |
| Loạt: | Br. Breviarios
|
| Những chủ đề: | |
| Các nhãn: |
Thêm thẻ
Không có thẻ, Là người đầu tiên thẻ bản ghi này!
|
MARC
| LEADER | 00000 a2200000 4500 | ||
|---|---|---|---|
| 003 | CL-VaPUC | ||
| 005 | 20211123125830.0 | ||
| 008 | 211102b2021 ||||| |||| 00| 0 eng d | ||
| 999 | |c 433788 |d 433786 | ||
| 020 | |a 9789569959947 | ||
| 040 | |c Pontificia Universidad Católica de Valparaíso | ||
| 082 | |a 344.046 HUN 2021 | ||
| 100 | 1 | |a Hunter Ampuero, Iván |9 863826 | |
| 245 | 1 | |a Tutela cautelar en el contencioso ambiental | |
| 250 | |a Primera edición | ||
| 260 | |a Santiago, Chile. |b Ediciones Der, |c 2021 | ||
| 300 | |a 280 páginas | ||
| 490 | |a Br. Breviarios | ||
| 583 | |k Cristina María Rojas Aguilar |c 20211102 | ||
| 650 | 0 | |a Derecho ambiental |9 257835 | |
| 650 | 0 | |a Tutela cautelar |9 527555 | |
| 650 | 0 | |a Contencioso ambiental |9 864596 | |
| 942 | |2 ddc |c BK | ||
| 952 | |0 0 |1 0 |2 ddc |4 0 |6 344_046000000000000_HUN_2021 |7 0 |8 A |9 579088 |a BIBDER |b BIBDER |d 2021-11-02 |e 22 |g 16000.00 |i 5589908 |l 6 |m 5 |o 344.046 HUN 2021 |p 5589908 |r 2024-09-03 |s 2024-08-08 |t 1 |v 16000.00 |w 2021-11-02 |y BK |k DER | ||